Основы сетевых технологий для автоматизации и управления: учебное пособие

Dades bibliogràfiques
Autor principal: Страшун Ю. П. Юрий Павлович
Autor corporatiu: Московский государственный горный университет
Sumari:Изложены основы сетевых технологий для автоматизации и управления, которые используются при комплексировании (системной интеграции) ИАСУ и программируемых логических контроллеров (ПЛК). Приведены основные разновидности локальных сетей в составе ИАСУ и их топологии. Даны определения фундаментальных понятий. Проанализированы средства межсетевого обмена информацией. Описаны методы упорядоченного доступа терминалов сети к среде передачи: централизованный и децентрализованный. Также анализируются стохастические сети (на примере ЛС Ethernet). Рассмотрены локальные промышленные сети (для автоматизации производства и для автоматизации процесса), локальные производственно-диспетчерские, а также локальные административно-технические сети. Показана целесообразность применения локальных сетей с использованием универсальных сетевых технологий.
Idioma:rus
Publicat: М, Изд-во Московского гос. горного ун-та, 2003
Col·lecció:Высшее горное образование
Matèries:
Format: MixedMaterials Llibre
KOHA link:https://koha.lib.tpu.ru/cgi-bin/koha/opac-detail.pl?biblionumber=63725

MARC

LEADER 00000nam0a2200000 4500
001 63725
005 20231031064835.0
010 |a 5741802559 
035 |a (RuTPU)RU\TPU\book\67624 
090 |a 63725 
100 |a 20040519d2003 m y0rusy50 ca 
101 0 |a rus 
102 |a RU 
105 |a a j 001zy 
200 1 |a Основы сетевых технологий для автоматизации и управления  |e учебное пособие  |f Ю. П. Страшун  |g Московский государственный горный университет 
210 |a М  |c Изд-во Московского гос. горного ун-та  |d 2003 
215 |a 111 с.  |c ил. 
225 1 |a Высшее горное образование 
320 |a Библиогр.: с. 107-109 
330 |a Изложены основы сетевых технологий для автоматизации и управления, которые используются при комплексировании (системной интеграции) ИАСУ и программируемых логических контроллеров (ПЛК). Приведены основные разновидности локальных сетей в составе ИАСУ и их топологии. Даны определения фундаментальных понятий. Проанализированы средства межсетевого обмена информацией. Описаны методы упорядоченного доступа терминалов сети к среде передачи: централизованный и децентрализованный. Также анализируются стохастические сети (на примере ЛС Ethernet). Рассмотрены локальные промышленные сети (для автоматизации производства и для автоматизации процесса), локальные производственно-диспетчерские, а также локальные административно-технические сети. Показана целесообразность применения локальных сетей с использованием универсальных сетевых технологий. 
610 1 |a сетевые технологии 
610 1 |a топология 
610 1 |a информация 
610 1 |a межсетевой обмен 
610 1 |a термины 
610 1 |a локальные сети 
610 1 |a производственно-диспетчерские сети 
610 1 |a ЛПДС 
610 1 |a административно-технические сети 
610 1 |a учебные пособия 
675 |a 681.324(075.8)  |v 3 
700 1 |a Страшун  |b Ю. П.  |g Юрий Павлович 
712 0 2 |a Московский государственный горный университет  |2 stltpush  |3 (RuTPU)RU\TPU\col\453 
801 1 |a RU  |b 63413507  |c 20040519  |g PSBO 
801 2 |a RU  |b 63413507  |c 20210616  |g PSBO 
900 |a Электропривод металлорежущего оборудования 
900 |a Электроприводы станочного оборудования 
900 |a Электротехника 
900 |a Электротехника и промышленная электроника 
900 |a Автоматизация технологических процессов 
900 |a Автоматизация систем управления электроснабжением пром 
942 |c BK 
951 |a 550000  |b 210000 
959 |a 64/20040519  |d 1  |e 90  |f ЧЗТЛ:1